Normal view
MARC view
Entry Personal Name
001 - CONTROL NUMBER
- control field: 67527
003 - CONTROL NUMBER IDENTIFIER
- control field: dpl
005 - DATE AND TIME OF LATEST TRANSACTION
- control field: 20240614125800.0
008 - FIXED-LENGTH DATA ELEMENTS
- fixed length control field: 240614|| aca||aabn | a|a d
040 ## - CATALOGING SOURCE
- Original cataloging agency: dpl
- Transcribing agency: dpl
100 ## - HEADING--PERSONAL NAME
- Personal name: Bhardwaj, AP
670 ## - SOURCE DATA FOUND
- Source citation: Work cat.: (dpl)203610: Bhardwaj, AP, 2023-2024 Legal Aptitude Workbook/, 2024
